Normal view
MARC view
- Supervison Dr. Usman Qamar Co-Supervisor Mr. Abdul Wahab Muzaffar
Entry Personal Name
001 - CONTROL NUMBER
- control field: 70382
003 - CONTROL NUMBER IDENTIFIER
- control field: NUST
005 - DATE AND TIME OF LATEST TRANSACTION
- control field: 20210628204439.0
008 - FIXED-LENGTH DATA ELEMENTS
- fixed length control field: 210628|| aca||aabn | a|a d
040 ## - CATALOGING SOURCE
- Original cataloging agency: NUST
- Transcribing agency: NUST
100 ## - HEADING--PERSONAL NAME
- Personal name: Supervison Dr. Usman Qamar Co-Supervisor Mr. Abdul Wahab Muzaffar
670 ## - SOURCE DATA FOUND
- Source citation: Work cat.: (NUST): Muhammad Ashraf Khan Niazi 15527, TH-SOF-1167-SIGNATURE AUTOMATION OF UMLS CONCEPTS AN UNSUPERVISED NAMED ENTITY RECOGNITION, 2015
